00699nam a2200241 a 4500001001300000003000900013005001700022008004100039020001000080082001500090100001400105245001700119260004800136300000800184500003500192505007500227650001600302700001400318902000800332942000700340952009500347999001500442nice12345678IN_TiNIC20260116011835.0050524s1920 laha grp 000 0 urd  ac10000a236.9bRAO aRaos, G H aInsaf Ka Din aLahorebPunjab Religious Booksociety c1920 a14p aincludes index and biblioraphy2 areprinted from"the bulletin of the john rylands library 1927,V.11,No.1 aEschatology1 aRaos, G H bSRS cBK 00104070aHMIbHMId2007-06-20g100.00l0o236.9 RAOp5080r2007-06-20w2026-01-16yARB c4361d4361